唐太宗的智慧: 贞观政要 (Record no. 7765)

000 -LEADER
fixed length control field 00459nam a22001817a 4500
003 - CONTROL NUMBER IDENTIFIER
control field MPLRDC
005 - DATE AND TIME OF LATEST TRANSACTION
control field 20220104114456.0
008 - FIXED-LENGTH DATA ELEMENTS--GENERAL INFORMATION
fixed length control field 210129b ||||| |||| 00| 0 eng d
082 ## - DEWEY DECIMAL CLASSIFICATION NUMBER
Classification number 782.8411 LSM-5 c.2
100 ## - MAIN ENTRY--PERSONAL NAME
Personal name 褚凌 译
245 ## - TITLE STATEMENT
Title 唐太宗的智慧: 贞观政要
Statement of responsibility, etc.
250 ## - EDITION STATEMENT
Edition statement 再版
260 ## - PUBLICATION, DISTRIBUTION, ETC.
Place of publication, distribution, etc.
Name of publisher, distributor, etc. 泉源出版社
Date of publication, distribution, etc. 1988
300 ## - PHYSICAL DESCRIPTION
Other physical details
490 ## - SERIES STATEMENT
Series statement 智慧哲理丛书. 1
650 ## - SUBJECT ADDED ENTRY--TOPICAL TERM
Topical term or geographic name entry element 李世民传记
942 ## - ADDED ENTRY ELEMENTS (KOHA)
Koha item type Book
-- 782.8411 LSM-5 c.2
Holdings
Withdrawn status Lost status Source of classification or shelving scheme Damaged status Not for loan Collection code Home library Current library Shelving location Date acquired Cost, normal purchase price Total Checkouts Full call number Barcode Date last seen Date last checked out Price effective from Koha item type Public note
            Malaysian Public Library, Research and Development Centre Malaysian Public Library, Research and Development Centre   10/12/2007 0.00   782.8411 LSM-5 c.2 00007758 17/03/2021 24/08/2016 17/03/2021 Book mplrdc

© 2022. Malaysian Public Library, Research and Development Centre. All Right ReservedE-mailmplrdc@help.edu.my 

Powered by Koha